General Knowledge Quiz #109 - Statistics

General Stats
  • This quiz has been taken 90,338 times
  • The average score is 11 of 20
Answer Stats
Question Answer % Correct
What was Scrooge's first name? Ebenezer
85%
In what city is Coney Island located? New York City
78%
If a birdie is one under par, what is two under par? Eagle
72%
What medical symptom can be described as a yellowing of the skin? Jaundice
68%
If someone is "Cornish", what English peninsula do they hail from? Cornwall
66%
What is the heaviest type of snake? Green anaconda
65%
What country does the band AC/DC hail from? Australia
62%
What was Geri Halliwell's alter-ego as part of the Spice Girls? Ginger Spice
59%
What artist had a "Rose Period" followed by a "Blue Period"? Pablo Picasso
57%
What Chinese dish is a major cause of the world's declining shark population? Shark fin soup
55%
What synthetic fiber is used in most bulletproof vests? Kevlar
54%
Who was born in Kentucky, grew up in Indiana, started his career in Illinois, and died in Washington D.C? Abraham Lincoln
49%
What is the word for the last car on a freight train? Caboose
48%
What disease did Cujo have? Rabies
48%
What aristocratic sport did England ban in 2004? Fox hunting
45%
What are the first five prime numbers, in order? 2, 3, 5, 7, 11
42%
What stinky fruit is banned on the Singapore metro? Durian
40%
What dangerous type of horse race involves jumping over various fences and ditches? Steeplechase
31%
What mythological figure emerged from sea foam? Aphrodite
28%
What type of liquor is also known as "white lightning"? Moonshine
27%
No matching quizzes found
Score Distribution
Percent of People with Each Score
Percentile by Number Answered
Your Score History
You have not taken this quiz